header

The fleas (Siphonaptera) of Fennoscandia and Denmark (Record no. 223647)

MARC details
000 -LEADER
fixed length control field 01536nam a2200361Ia 4500
100 1# - MAIN ENTRY--AUTHOR NAME
Personal name Brinck-Lindroth, Gunvor.
245 14 - TITLE STATEMENT
Title The fleas (Siphonaptera) of Fennoscandia and Denmark
260 ## - PUBLICATION, DISTRIBUTION, ETC. (IMPRINT)
Place of publication Leiden ;
-- Boston :
Name of publisher Brill,
Year of publication 2007.
300 ## - PHYSICAL DESCRIPTION
Number of Pages 185 p. :
Other physical details ill. (some col.).
490 1# - SERIES STATEMENT
Series statement Fauna entomologica Scandinavica,
500 ## - GENERAL NOTE
General note Map on front endpapers.
650 #0 - SUBJECT ADDED ENTRY--TOPICAL TERM
Topical Term Fleas
Topical Term Insects
700 1# - ADDED ENTRY--PERSONAL NAME
Personal name Smit, F. G. A. M.
856 40 - ELECTRONIC LOCATION AND ACCESS
Uniform Resource Identifier http://site.ebrary.com/lib/rucke/Doc?id=10483794

No items available.

© 2026 Rongo University
Contact us: librarian | system librarian | Rongo university